000 00554nam a2200217Ia 4500
005 20250508164520.0
008 008 250505s9999 xx 000 0 hin d
037 _aTextual
040 _aFEDL
_beng
_cFEDL
041 _ahin
_2hin
084 _a370, GAN
_qFEDL
100 _aGandhiji
245 0 _aNayee taalim ki oure
260 _aAhmedabad, India
_bNavjivan Prakashan Mandir
_c1956
300 _a116p.
365 _aINR
_b10
546 _aMACESE
650 _aEducation
942 _cTEXL
_h370, GAN
999 _c1389525
_d1389525